[Event "Hessen-ch Gr-A+B 65th"]
[Site "Gladenbach"]
[Date "2011.04.20"]
[Round "1"]
[White "Huettemann, Ralf"]
[Black "Hein, Dieter"]
[Result "1-0"]
[WhiteElo "2092"]
[BlackElo "2050"]
[PlyCount "63"]
[EventDate "2011.04.20"]
[EventType "swiss"]
[EventRounds "7"]
[EventCountry "GER"]
[SourceTitle "CBM 142 Extra"]
[Source "ChessBase"]
[SourceDate "2011.06.27"]
[SourceVersion "1"]
[SourceVersionDate "2011.06.27"]
[SourceQuality "1"]

1. e4 c6 2. d4 d5 3. exd5 cxd5 4. Bd3 Nf6 5. Ne2 Bg4 6. c3 Nc6 7. 0-0 e6 8. Bf4 Bd6 9. f3 Bh5 10. Qd2 Bg6 11. Re1 Bxd3 12. Qxd3 Bxf4 13. Nxf4 Qd6 14. g3 g5 15. Ng2 0-0-0 16. Nd2 h5 17. Re2 h4 18. g4 h3 19. Ne3 Ne7 20. Nef1 Ng6 21. Qb5 Nf4 22. Re3 Nd7 23. c4 dxc4 24. Rc1 Kb8 25. Nxc4 Qxd4 26. Na5 Qb6 27. Qxb6 Nxb6 28. Rc2 Rd5 29. Nb3 Rhd8 30. Rec3 Rd1 31. Nc5 Nbd5 32. Nd7+ 1-0

[Event "Berlin Lichtenberger op 9th"]
[Site "Berlin"]
[Date "2010.08.14"]
[Round "8"]
[White "Huettemann, Ralf"]
[Black "Postler, Reinhard"]
[Result "0-1"]
[WhiteElo "2068"]
[BlackElo "2327"]
[PlyCount "88"]
[EventDate "2010.08.07"]
[EventType "swiss"]
[EventRounds "9"]
[EventCountry "GER"]
[SourceTitle "CBM 137 Extra"]
[Source "ChessBase"]
[SourceDate "2010.09.01"]
[SourceVersion "1"]
[SourceVersionDate "2010.09.01"]
[SourceQuality "1"]

1. g3 d5 2. c4 c6 3. Bg2 Nf6 4. d4 Bf5 5. cxd5 cxd5 6. Nc3 e6 7. Nf3 Nc6 8. 0-0 h6 9. Qb3 a6 10. Ne5 Na5 11. Qd1 Rc8 12. Qa4+ Nc6 13. Bf4 Be7 14. g4 Bh7 15. Rae1 0-0 16. Bc1 Nxe5 17. dxe5 Nd7 18. f4 Nc5 19. Qd1 Bh4 20. f5 Qc7 21. Bf4 Nd7 22. Qd2 Nxe5 23. Rd1 Qb6+ 24. Be3 Qd8 25. Qd4 Nc4 26. Bc1 Bf6 27. Qf2 Nxb2 28. Bxb2 Bxc3 29. Bc1 Rc4 30. Qg3 Bf6 31. e4 Qb6+ 32. Be3 d4 33. Bf4 Rc3 34. Qe1 e5 35. Bd2 Rc2 36. h4 Qb2 37. Bf3 Bxh4 38. Qxh4 Rxd2 39. Rb1 Qc3 40. f6 Qe3+ 41. Kh1 Bxe4 42. Rb3 Bxf3+ 43. Rxf3 Rd1+ 44. Kg2 Qg1+ 0-1

[Event "Berlin Lichtenberger op 9th"]
[Site "Berlin"]
[Date "2010.08.13"]
[Round "7"]
[White "Kalinitschew, Sergey"]
[Black "Huettemann, Ralf"]
[Result "0-1"]
[WhiteElo "2462"]
[BlackElo "2068"]
[PlyCount "43"]
[EventDate "2010.08.07"]
[EventType "swiss"]
[EventRounds "9"]
[EventCountry "GER"]
[SourceTitle "CBM 137 Extra"]
[Source "ChessBase"]
[SourceDate "2010.09.01"]
[SourceVersion "1"]
[SourceVersionDate "2010.09.01"]
[SourceQuality "1"]

1. Nf3 d5 2. c4 e6 3. d4 c5 4. cxd5 exd5 5. g3 Nf6 6. Bg2 Nc6 7. 0-0 c4 8. b3 Bb4 9. Ne5 0-0 10. bxc4 dxc4 11. Bxc6 bxc6 12. Nxc6 Qd6 13. Nxb4 Qxb4 14. Ba3 Qb7 15. f3 Re8 16. Nc3 Bh3 17. Rf2 Rad8 18. e4 Qa6 19. Bb2 h5 20. Qd2 Bc8 21. Rd1 Nh7 22. Qg5 0-1

[Event "Berlin Lichtenberger op 9th"]
[Site "Berlin"]
[Date "2010.08.11"]
[Round "5"]
[White "Muse, Drazen"]
[Black "Huettemann, Ralf"]
[Result "1-0"]
[WhiteElo "2378"]
[BlackElo "2068"]
[PlyCount "125"]
[EventDate "2010.08.07"]
[EventType "swiss"]
[EventRounds "9"]
[EventCountry "GER"]
[SourceTitle "CBM 137 Extra"]
[Source "ChessBase"]
[SourceDate "2010.09.01"]
[SourceVersion "1"]
[SourceVersionDate "2010.09.01"]
[SourceQuality "1"]

1. Nf3 d6 2. d4 Nf6 3. c4 g6 4. Nc3 Bg7 5. e4 0-0 6. Be2 Nbd7 7. 0-0 e5 8. Re1 c6 9. Bf1 Qe7 10. Rb1 Nh5 11. b3 Rd8 12. g3 Nf8 13. h3 Qc7 14. d5 c5 15. b4 cxb4 16. Nb5 Qe7 17. Rxb4 b6 18. a4 Bd7 19. Nc3 Be8 20. Bd2 Nd7 21. a5 bxa5 22. Rb5 a4 23. Rb7 Rdb8 24. Rxb8 Rxb8 25. Nxa4 Nb6 26. Nc3 Qc7 27. Nb5 Bxb5 28. cxb5 Nf6 29. Be3 Nfd7 30. Nd2 Rc8 31. Qb3 h5 32. Qa2 Kh7 33. Nb3 Bh6 34. Rc1 Qb8 35. Bxh6 Kxh6 36. Rc6 Rxc6 37. bxc6 Nf6 38. Nd2 Ne8 39. Qa6 Kg7 40. Qb7 Qc7 41. Qa6 Kf8 42. Nb1 Qb8 43. Nc3 Nc7 44. Qa3 Ke7 45. g4 hxg4 46. hxg4 f5 47. f4 exf4 48. e5 Nc8 49. gxf5 gxf5 50. Bh3 Qb6+ 51. Kf1 Qe3 52. Bxf5 Qf3+ 53. Ke1 Qh1+ 54. Kd2 Nxd5 55. Bxc8 Qh2+ 56. Ne2 Qh6 57. Qxa7+ Kf8 58. Nd4 f3+ 59. Kc2 Nb4+ 60. Kb3 Qe3+ 61. Kxb4 Qd2+ 62. Kc4 Qc1+ 63. Kd5 1-0

[Event "Berlin Lichtenberger op 9th"]
[Site "Berlin"]
[Date "2010.08.10"]
[Round "4"]
[White "Huettemann, Ralf"]
[Black "Walter, Guenter1"]
[Result "1-0"]
[WhiteElo "2068"]
[BlackElo "2017"]
[PlyCount "78"]
[EventDate "2010.08.07"]
[EventType "swiss"]
[EventRounds "9"]
[EventCountry "GER"]
[SourceTitle "CBM 137 Extra"]
[Source "ChessBase"]
[SourceDate "2010.09.01"]
[SourceVersion "1"]
[SourceVersionDate "2010.09.01"]
[SourceQuality "1"]

1. e4 e5 2. f4 exf4 3. Nf3 Ne7 4. d4 Ng6 5. Bc4 c5 6. c3 Be7 7. 0-0 Qc7 8. b4 cxb4 9. Qb3 0-0 10. cxb4 Nc6 11. Nc3 Nxb4 12. a3 Nc2 13. Ra2 Ne3 14. Bxe3 fxe3 15. Nd5 Qd8 16. Nxe3 d6 17. Raf2 Qb6 18. Qa2 Nf4 19. Rb2 Qd8 20. Nd5 Nxd5 21. Bxd5 Rb8 22. h3 h6 23. Kh1 b6 24. Rbf2 Ba6 25. Rd1 Bb7 26. Nh2 Bxd5 27. Qxd5 Qd7 28. e5 Qe6 29. Qe4 dxe5 30. d5 Qd6 31. Ng4 Qxa3 32. Nxe5 Rbd8 33. Rdf1 Bf6 34. Rxf6 gxf6 35. Ng4 Rfe8 36. Nxf6+ Kf8 37. Nxe8 Rxe8 38. Qh7 Ke7 39. Qxf7+ Kd8 1-0

[Event "Dresden ZMD op"]
[Site "Dresden"]
[Date "2010.07.14"]
[Round "5"]
[White "Huettemann, Ralf"]
[Black "Heck, Norbert"]
[Result "0-1"]
[WhiteElo "2068"]
[BlackElo "2268"]
[PlyCount "134"]
[EventDate "2010.07.10"]
[EventType "swiss"]
[EventRounds "9"]
[EventCountry "GER"]
[SourceTitle "CBM 137 Extra"]
[Source "ChessBase"]
[SourceDate "2010.09.01"]
[SourceVersion "1"]
[SourceVersionDate "2010.09.01"]
[SourceQuality "1"]

1. d4 g6 2. g3 Bg7 3. Bg2 d5 4. Nf3 Nf6 5. 0-0 0-0 6. Ne5 c6 7. Nd2 Nbd7 8. Nd3 e5 9. dxe5 Ng4 10. c3 Ngxe5 11. Nf3 Nc4 12. Nd4 Nf6 13. b3 Nd6 14. Bb2 Re8 15. Qc2 a5 16. a4 Nf5 17. Rad1 Qb6 18. Rfe1 Nxd4 19. cxd4 Bf5 20. Qc3 Ne4 21. Bxe4 Bxe4 22. Nc5 Bf5 23. Kg2 h5 24. f3 Rad8 25. h3 Qc7 26. e4 h4 27. gxh4 Bc8 28. e5 Qe7 29. f4 b6 30. Nd3 Qxh4 31. Nf2 Bh6 32. Bc1 Bxf4 33. Bxf4 Qxf4 34. Qxc6 Be6 35. Qc1 Qh4 36. Qe3 Rc8 37. Rc1 Kg7 38. Rxc8 Rxc8 39. Rd1 Bf5 40. Rd2 Qh6 41. Re2 Rc2 42. Qxh6+ Kxh6 43. Re3 Rd2 44. Kg3 Rxd4 45. Rc3 Rb4 46. Ng4+ Bxg4 47. hxg4 Kg5 48. Rd3 Rxg4+ 49. Kh3 Rb4 50. Rxd5 Rxb3+ 51. Kg2 Kf5 52. Rd7 Ke6 53. Rb7 Rb4 54. Kf3 g5 55. Kg2 Rxa4 56. Rxb6+ Kxe5 57. Rb5+ Kf4 58. Rb2 f5 59. Rf2+ Ke5 60. Kg3 Ra3+ 61. Kg2 f4 62. Rb2 g4 63. Kf2 Ke4 64. Re2+ Kf5 65. Rb2 g3+ 66. Kg2 Kg4 67. Rc2 f3+ 0-1

[Event "Dresden ZMD op"]
[Site "Dresden"]
[Date "2010.07.13"]
[Round "4"]
[White "Huettemann, Ralf"]
[Black "Siegl, Detlef"]
[Result "1-0"]
[WhiteElo "2068"]
[BlackElo "1944"]
[PlyCount "59"]
[EventDate "2010.07.10"]
[EventType "swiss"]
[EventRounds "9"]
[EventCountry "GER"]
[SourceTitle "CBM 137 Extra"]
[Source "ChessBase"]
[SourceDate "2010.09.01"]
[SourceVersion "1"]
[SourceVersionDate "2010.09.01"]
[SourceQuality "1"]

1. d4 Nf6 2. Bg5 e6 3. e4 Be7 4. Nd2 0-0 5. Ngf3 d6 6. Bd3 Nbd7 7. 0-0 c5 8. c3 b6 9. h3 Bb7 10. Qe2 Ne8 11. Be3 Nc7 12. Nh2 e5 13. dxe5 dxe5 14. Rad1 Qc8 15. f4 exf4 16. Bxf4 Ne6 17. e5 a6 18. Ng4 b5 19. Ne4 Qc6 20. Bc1 c4 21. Bb1 Nec5 22. Rd4 Nxe4 23. Bxe4 Qc7 24. Kh1 Bxe4 25. Qxe4 Nc5 26. Qf5 Qc6 27. Nf6+ Bxf6 28. exf6 g6 29. Qg5 Rad8 30. Qh6 1-0

[Event "Oberhausen op"]
[Site "Oberhausen"]
[Date "2010.04.02"]
[Round "2"]
[White "De Gleria, Francesco"]
[Black "Huettemann, Ralf"]
[Result "1-0"]
[WhiteElo "2363"]
[BlackElo "2049"]
[PlyCount "65"]
[EventDate "2010.04.01"]
[EventType "swiss"]
[EventRounds "7"]
[EventCountry "GER"]
[SourceTitle "CBM 135 Extra"]
[Source "ChessBase"]
[SourceDate "2010.05.04"]
[SourceVersion "1"]
[SourceVersionDate "2010.05.04"]
[SourceQuality "1"]

1. e4 d5 2. exd5 Qxd5 3. Nc3 Qa5 4. d4 Nf6 5. Nf3 c6 6. Bc4 e6 7. 0-0 Be7 8. Ne5 b5 9. Bxb5 cxb5 10. Qf3 Qb6 11. Qxa8 0-0 12. Qf3 Bb7 13. Qg3 b4 14. Ne2 Ne4 15. Qd3 f6 16. Nc4 Qd8 17. Nf4 Qc8 18. Re1 f5 19. f3 Ba6 20. b3 e5 21. Nd5 Bh4 22. g3 Nxg3 23. hxg3 f4 24. gxh4 Qh3 25. Re2 Nc6 26. dxe5 Qg3+ 27. Rg2 Qe1+ 28. Qf1 Qxh4 29. Bb2 Rf5 30. Qf2 Qh3 31. Nd6 Rh5 32. Nf6+ Kf8 33. Nxh5 1-0

[Event "Muensterland op 27th"]
[Site "Senden"]
[Date "2009.10.16"]
[Round "8"]
[White "Torres Kuckel, Rafael"]
[Black "Huettemann, Ralf"]
[Result "1-0"]
[WhiteElo "2250"]
[BlackElo "1994"]
[PlyCount "61"]
[EventDate "2009.10.10"]
[EventType "swiss"]
[EventRounds "9"]
[EventCountry "GER"]
[SourceTitle "CBM 132 Extra"]
[Source "ChessBase"]
[SourceDate "2009.11.03"]
[SourceVersion "1"]
[SourceVersionDate "2009.11.03"]
[SourceQuality "1"]

1. e4 e5 2. Nf3 Nc6 3. Bb5 Nf6 4. d3 d6 5. c3 Be7 6. 0-0 0-0 7. Re1 a6 8. Ba4 b5 9. Bb3 Na5 10. Bc2 c5 11. d4 Qc7 12. Bg5 cxd4 13. cxd4 Bg4 14. Nbd2 Rac8 15. Rc1 Qb8 16. h3 Bh5 17. Nf1 h6 18. Bh4 Rfe8 19. Ng3 Bg6 20. Nf5 Bxf5 21. exf5 Nd7 22. dxe5 Bxh4 23. Nxh4 Nxe5 24. f6 Nac4 25. Nf5 Nxb2 26. Qh5 Rxc2 27. Nxh6+ gxh6 28. Qxh6 Nf3+ 29. gxf3 Rxe1+ 30. Rxe1 Qf8 31. Re8 1-0

[Event "Muensterland op 27th"]
[Site "Senden"]
[Date "2009.10.13"]
[Round "5"]
[White "Huettemann, Ralf"]
[Black "Virnyi, Julius"]
[Result "1-0"]
[WhiteElo "1994"]
[BlackElo "2084"]
[PlyCount "145"]
[EventDate "2009.10.10"]
[EventType "swiss"]
[EventRounds "9"]
[EventCountry "GER"]
[SourceTitle "CBM 132 Extra"]
[Source "ChessBase"]
[SourceDate "2009.11.03"]
[SourceVersion "1"]
[SourceVersionDate "2009.11.03"]
[SourceQuality "1"]

1. d4 Nf6 2. Nf3 g6 3. c4 Bg7 4. Nc3 0-0 5. g3 d6 6. Bg2 c6 7. 0-0 Bf5 8. Re1 Ne4 9. Ng5 Nxg5 10. Bxg5 h6 11. Bc1 e5 12. d5 c5 13. e4 Bc8 14. Be3 f5 15. Qd2 Kh7 16. f3 Nd7 17. a3 Nf6 18. b4 b6 19. Rab1 f4 20. Bf2 h5 21. Rb3 g5 22. gxf4 exf4 23. bxc5 bxc5 24. e5 dxe5 25. Rxe5 Ng4 26. Qd3+ Kh8 27. fxg4 Bxe5 28. Bxc5 Bxg4 29. Be4 f3 30. Rb7 Qf6 31. Bxf3 Bxh2+ 32. Kf2 Qxf3+ 33. Qxf3 Rxf3+ 34. Kg2 Be5 35. Ne4 Rg8 36. Re7 Rf5 37. Rxe5 Bf3+ 38. Kg1 Bxe4 39. Rxe4 Rf7 40. d6 Kh7 41. Bd4 Kg6 42. c5 Rc8 43. Re1 Rd7 44. Kg2 Rf7 45. Bg1 h4 46. Rc1 Rc6 47. Rd1 Rd7 48. Kh3 Ra6 49. a4 Kf6 50. a5 Ke6 51. Bh2 Rf7 52. Kg4 Kd7 53. Kxg5 Rxa5 54. Kg6 Rf8 55. Kg7 Rc8 56. Rf1 Rcxc5 57. Rf7+ Kd8 58. Rf8+ Kd7 59. Rf7+ Kc8 60. Rf8+ Kb7 61. Rb8+ Kc6 62. Kf6 Kd7 63. Rb7+ Kd8 64. Ke6 Ra6 65. Rh7 Kc8 66. Ke7 Rd5 67. Rxh4 Ra2 68. Rh8+ Kb7 69. Ke6 Rad2 70. Rh7+ Kc6 71. Rc7+ Kb6 72. Bg1+ Ka6 73. Rxa7+ 1-0

[Event "Muensterland op 27th"]
[Site "Senden"]
[Date "2009.10.11"]
[Round "3"]
[White "Huettemann, Ralf"]
[Black "Hofene, Dieter"]
[Result "1-0"]
[WhiteElo "1994"]
[BlackElo "2100"]
[PlyCount "89"]
[EventDate "2009.10.10"]
[EventType "swiss"]
[EventRounds "9"]
[EventCountry "GER"]
[SourceTitle "CBM 132 Extra"]
[Source "ChessBase"]
[SourceDate "2009.11.03"]
[SourceVersion "1"]
[SourceVersionDate "2009.11.03"]
[SourceQuality "1"]

1. d4 Nf6 2. Nf3 h6 3. Bf4 g5 4. Bg3 d6 5. e3 Bf5 6. Bd3 Qd7 7. Nc3 Bxd3 8. Qxd3 Bg7 9. h3 e6 10. 0-0-0 Nc6 11. e4 0-0-0 12. Kb1 Nh5 13. Bh2 f5 14. exf5 exf5 15. d5 Ne5 16. Qd4 c5 17. dxc6 bxc6 18. Bxe5 dxe5 19. Qc4 Qb7 20. Nxe5 Kc7 21. Nd5+ Kb8 22. Nxc6+ Ka8 23. b4 Rc8 24. b5 Nf6 25. Nxf6 Bxf6 26. a4 Rc7 27. Rhe1 Rhc8 28. Re6 Bg7 29. Rde1 Rd7 30. Re8 Qc7 31. Qg8 Kb7 32. Rxc8 Qxc8 33. Na5+ Kc7 34. Qc4+ Kb8 35. Nc6+ Kb7 36. c3 Qf8 37. Na5+ Kb8 38. Nc6+ Kb7 39. Qe6 Qc8 40. Qe3 Ka8 41. Qf3 g4 42. hxg4 fxg4 43. Qe4 Bxc3 44. Rc1 Qh8 45. Ne5+ 1-0

[Event "Dresden ZMD op"]
[Site "Dresden"]
[Date "2009.07.27"]
[Round "3"]
[White "Roesemann, Rainer"]
[Black "Huettemann, Ralf"]
[Result "1-0"]
[WhiteElo "2246"]
[BlackElo "1994"]
[PlyCount "118"]
[EventDate "2009.07.25"]
[EventType "swiss"]
[EventRounds "9"]
[EventCountry "GER"]
[SourceTitle "CBM 131 Extra"]
[Source "ChessBase"]
[SourceDate "2009.09.03"]
[SourceVersion "2"]
[SourceVersionDate "2009.09.16"]
[SourceQuality "1"]

1. c4 b5 2. b3 bxc4 3. bxc4 c5 4. Nf3 Nc6 5. g3 Rb8 6. Bg2 g6 7. Na3 Bg7 8. Rb1 Rxb1 9. Nxb1 Qb6 10. Qc2 Nh6 11. Nc3 Nb4 12. Qb3 Nf5 13. 0-0 Bb7 14. e3 0-0 15. Na4 Qc7 16. d4 d6 17. a3 Bxf3 18. Bxf3 Nc6 19. dxc5 Rb8 20. cxd6 Nxd6 21. Qc2 Ne5 22. Be2 Nexc4 23. Bd2 Qd8 24. Bb4 Rc8 25. Qb3 a5 26. Rd1 axb4 27. Bxc4 Qc7 28. Bd5 bxa3 29. Qxa3 Qc2 30. Bb3 Qe2 31. Qb4 Qf3 32. Nc5 h5 33. Nd3 Bf6 34. Nf4 h4 35. Qe1 hxg3 36. hxg3 Kg7 37. Qe2 Qa8 38. Bd5 Qa5 39. Qg4 Rh8 40. Bxf7 g5 41. Bd5 Rh6 42. Nh5+ Rxh5 43. Qxh5 Qb4 44. Kg2 Qb5 45. e4 Qe8 46. Qh3 Qg6 47. Rh1 Kf8 48. Rb1 g4 49. Rb8+ Ne8 50. Qh1 Be5 51. Ra8 Qf6 52. Qh5 Qf3+ 53. Kg1 Qd1+ 54. Kh2 Bxg3+ 55. Kxg3 Qf3+ 56. Kh4 Qxf2+ 57. Kg5 Qf6+ 58. Kxg4 Qf4+ 59. Kxf4 e5+ 1-0

[Event "Karl Mala Memorial op 12th"]
[Site "Frankfurt"]
[Date "2009.07.17"]
[Round "2"]
[White "Huettemann, Ralf"]
[Black "Boidman, Yuri"]
[Result "0-1"]
[WhiteElo "1994"]
[BlackElo "2402"]
[PlyCount "202"]
[EventDate "2009.07.16"]
[EventType "swiss"]
[EventRounds "7"]
[EventCountry "GER"]
[SourceTitle "EXT 2010"]
[Source "ChessBase"]
[SourceDate "2010.11.25"]
[SourceVersion "1"]
[SourceVersionDate "2010.11.25"]
[SourceQuality "1"]

1. e4 c5 2. Nc3 Nc6 3. g3 g6 4. Bg2 Bg7 5. d3 Rb8 6. a4 d6 7. Nge2 e6 8. 0-0 Nge7 9. Kh1 0-0 10. Be3 Nd4 11. Qd2 Nec6 12. f4 Qb6 13. Rfb1 Nb4 14. Bxd4 cxd4 15. Nb5 Qc5 16. c3 Nc6 17. cxd4 Nxd4 18. Nbxd4 Bxd4 19. b4 Qb6 20. a5 Be3 21. axb6 Bxd2 22. bxa7 Ra8 23. d4 e5 24. h3 Be6 25. d5 Bd7 26. b5 b6 27. Ra3 Rfc8 28. Rb2 Be1 29. fxe5 dxe5 30. Kg1 Rc4 31. Kf1 Ba5 32. Rxa5 bxa5 33. b6 Bc8 34. b7 Bxb7 35. Rxb7 Kg7 36. d6 a4 37. d7 a3 38. Rb3 Rc7 39. Rxa3 Rxd7 40. Ra5 f6 41. h4 Raxa7 42. Rxa7 Rxa7 43. Kf2 Ra3 44. Bh3 Kf7 45. Bc8 Ke7 46. Bb7 Kd6 47. Bd5 Ke7 48. Ng1 f5 49. Nf3 Kf6 50. Nd2 h6 51. Nc4 Rb3 52. Ne3 Rd3 53. Ke2 Rd4 54. Kf3 Rd2 55. Nf1 Rd3+ 56. Ne3 Ra3 57. Kf2 f4 58. Ng4+ Kg7 59. gxf4 exf4 60. Nh2 g5 61. hxg5 hxg5 62. Ng4 Rg3 63. Be6 Kg6 64. Bf5+ Kf7 65. Ne5+ Ke7 66. Nf3 Kf6 67. Nh2 Ke5 68. Nf3+ Kd6 69. Nh2 Ke7 70. Nf3 Kf6 71. Nh2 Ra3 72. Ng4+ Ke7 73. Ne5 Ra2+ 74. Kf3 Rb2 75. Ng6+ Kf6 76. Nxf4 gxf4 77. Kxf4 Rf2+ 78. Ke3 Rf1 79. Ke2 Rf4 80. Kd3 Ke5 81. Ke3 Rf1 82. Kd3 Rd1+ 83. Ke2 Ra1 84. Kf3 Ra3+ 85. Kg4 Rc3 86. Bh7 Rc1 87. Bf5 Rf1 88. Bh7 Rf6 89. Bf5 Rf7 90. Kg5 Rb7 91. Bg6 Rb8 92. Kh6 Kf6 93. Bf5 Rh8+ 94. Bh7 Kf7 95. e5 Ke6 96. Kg7 Ra8 97. Bg8+ Kxe5 98. Bc4 Rc8 99. Bb3 Kf5 100. Bf7 Rc7 101. Kh6 Rxf7 0-1

[Event "Rhein Main op 12th"]
[Site "Bad Homburg"]
[Date "2009.06.13"]
[Round "5"]
[White "Schroeder, Jan Christian"]
[Black "Huettemann, Ralf"]
[Result "1-0"]
[WhiteElo "1820"]
[BlackElo "2033"]
[PlyCount "157"]
[EventDate "2009.06.10"]
[EventType "swiss"]
[EventRounds "7"]
[EventCountry "GER"]
[SourceTitle "CBM 131 Extra"]
[Source "ChessBase"]
[SourceDate "2009.09.03"]
[SourceVersion "2"]
[SourceVersionDate "2009.09.16"]
[SourceQuality "1"]

1. e4 e6 2. d4 d5 3. e5 c5 4. c3 Nc6 5. Nf3 Qb6 6. a3 Nh6 7. b4 cxd4 8. cxd4 Nf5 9. Bb2 Be7 10. h4 h5 11. Bd3 g6 12. Bxf5 gxf5 13. Nc3 Bd7 14. Rc1 a6 15. Na4 Qd8 16. Nc5 b6 17. Nd3 Rc8 18. Nf4 Na7 19. Rxc8 Nxc8 20. g3 Bb5 21. Nd2 a5 22. a4 Bc4 23. Nxc4 dxc4 24. b5 Bb4+ 25. Ke2 Ne7 26. Qc2 Qa8 27. f3 Kd7 28. Qxc4 Rc8 29. Qb3 Nd5 30. Nxd5 Qxd5 31. Qxd5+ exd5 32. Rc1 Rg8 33. Kf2 Rg6 34. Bc3 Be7 35. Bb2 Bb4 36. Rc2 Be7 37. Rc3 Bb4 38. Rd3 Rg8 39. Ba3 Bxa3 40. Rxa3 Rc8 41. Ke3 Rc4 42. Kd3 Ke7 43. Rc3 Rxa4 44. Rc7+ Kf8 45. Rb7 Ra3+ 46. Ke2 Rb3 47. Rxb6 a4 48. Ra6 Rxb5 49. Rxa4 Rb3 50. Ra5 f4 51. gxf4 Rb2+ 52. Ke3 Rh2 53. Rxd5 Rxh4 54. Rd6 Rh1 55. Ke4 Kg7 56. f5 h4 57. Kf4 Rg1 58. Rc6 h3 59. Rc2 Rg2 60. Rc1 h2 61. Rh1 f6 62. e6 Kf8 63. Ke4 Ke7 64. Kd5 Ra2 65. f4 Rg2 66. Ke4 Kd6 67. Kf3 Rd2 68. Kg3 Rd3+ 69. Kxh2 Rxd4 70. Kg3 Rd3+ 71. Kg4 Rd2 72. Rh7 Ra2 73. Rd7+ Kc6 74. Kh5 Rf2 75. Kg6 Rxf4 76. Kxf6 Rf1 77. Rd2 Rh1 78. e7 Rh6+ 79. Kg7 1-0

[Event "Rhein Main op 12th"]
[Site "Bad Homburg"]
[Date "2009.06.12"]
[Round "4"]
[White "Huettemann, Ralf"]
[Black "Feldtmann, Thomas"]
[Result "0-1"]
[WhiteElo "2033"]
[BlackElo "2232"]
[PlyCount "110"]
[EventDate "2009.06.10"]
[EventType "swiss"]
[EventRounds "7"]
[EventCountry "GER"]
[SourceTitle "CBM 131 Extra"]
[Source "ChessBase"]
[SourceDate "2009.09.03"]
[SourceVersion "2"]
[SourceVersionDate "2009.09.16"]
[SourceQuality "1"]

1. b3 e5 2. g3 Nc6 3. Bg2 g6 4. Bb2 Bg7 5. f4 Nge7 6. Nf3 d6 7. 0-0 0-0 8. fxe5 dxe5 9. Ne1 Nf5 10. e4 Ne3 11. Qf3 Nxf1 12. Qxf1 a5 13. Nc3 Nd4 14. Ba3 Re8 15. Nd5 c6 16. Ne3 a4 17. Nd3 Bh6 18. Qb1 Bxe3+ 19. dxe3 Ne2+ 20. Kf1 Nc3 21. Qe1 Nb5 22. Bb4 axb3 23. axb3 Rxa1 24. Qxa1 b6 25. Be1 c5 26. Nb2 Nd6 27. Nd3 Bb7 28. Bc3 f6 29. Nf2 Qe7 30. Kg1 Ra8 31. Qf1 Kg7 32. Qd1 Bc6 33. h3 Rd8 34. Qa1 Kf7 35. Kh2 Re8 36. Qd1 Qd7 37. Qf1 Ke7 38. Qa1 Ra8 39. Qf1 Qb7 40. Qh1 Ra2 41. Qb1 Qa8 42. Bb2 Ra7 43. Qh1 Rc7 44. g4 g5 45. h4 h6 46. h5 Ke6 47. Qf1 Ke7 48. Nd1 Bxe4 49. Nc3 Bxg2 50. Qxg2 Qxg2+ 51. Kxg2 Ke6 52. e4 b5 53. Kf3 Ra7 54. Ke3 b4 55. Na4 Rxa4 0-1

[Event "Hessen-ch Gr-B"]
[Site "Idstein"]
[Date "2009.04.10"]
[Round "5"]
[White "Huettemann, Ralf"]
[Black "Ruppert, Wolfgang"]
[Result "0-1"]
[WhiteElo "2033"]
[BlackElo "2174"]
[PlyCount "146"]
[EventDate "2009.04.08"]
[EventType "swiss"]
[EventRounds "7"]
[EventCountry "GER"]
[SourceTitle "EXT 2010"]
[Source "ChessBase"]
[SourceDate "2010.11.25"]
[SourceVersion "1"]
[SourceVersionDate "2010.11.25"]
[SourceQuality "1"]

1. e4 c5 2. Nc3 Nc6 3. g3 g6 4. Bg2 Bg7 5. d3 d6 6. Nge2 e6 7. 0-0 Nge7 8. Be3 0-0 9. Qd2 Nd4 10. Kh1 d5 11. Nd1 Nxe2 12. Qxe2 b6 13. f4 a5 14. Rb1 Ba6 15. Nf2 c4 16. e5 Nf5 17. Rfd1 cxd3 18. cxd3 f6 19. Ng4 fxe5 20. Nxe5 Qd6 21. Bg1 g5 22. Qh5 gxf4 23. gxf4 Bxe5 24. fxe5 Qxe5 25. Qg5+ Kh8 26. Re1 Qf6 27. Qxf6+ Rxf6 28. Bxb6 Bxd3 29. Rbd1 Bb5 30. Bc7 Ng7 31. Rc1 Bd3 32. Bxa5 Rg6 33. a3 Nh5 34. Bc3+ Kg8 35. Bf3 Nf4 36. Be5 Nh3 37. Bg3 Rf8 38. Bg2 Nf4 39. Bf3 Nh3 40. Bg2 Nf2+ 41. Kg1 Ne4 42. Re3 Nxg3 43. Rxg3 Rxg3 44. hxg3 Rb8 45. b4 Kf7 46. Kf2 Kf6 47. Ke3 Bc4 48. Bf1 Bxf1 49. Rxf1+ Ke5 50. Rh1 Ra8 51. Ra1 d4+ 52. Kd3 Kd5 53. a4 e5 54. b5 e4+ 55. Ke2 d3+ 56. Ke3 Rf8 57. a5 Rf3+ 58. Kd2 Rf2+ 59. Ke3 Re2+ 60. Kf4 d2 61. Rd1 Kc5 62. b6 Kc6 63. Rh1 Re1 64. Rh6+ Kd5 65. Rxh7 d1Q 66. Rd7+ Kc6 67. Rxd1 Rxd1 68. Kxe4 Ra1 69. g4 Rxa5 70. g5 Kd7 71. Kf4 Ke6 72. Kg4 Rb5 73. Kh5 Kf7 0-1

[Event "Dresden ZMD op"]
[Site "Dresden"]
[Date "2008.07.27"]
[Round "9"]
[White "Bracker, Frank"]
[Black "Huettemann, Ralf"]
[Result "1-0"]
[WhiteElo "2264"]
[BlackElo "2097"]
[PlyCount "84"]
[EventDate "2008.07.19"]
[EventType "swiss"]
[EventRounds "9"]
[EventCountry "GER"]
[SourceTitle "CBM 125 Extra"]
[Source "ChessBase"]
[SourceDate "2008.09.01"]
[SourceVersion "1"]
[SourceVersionDate "2008.09.01"]
[SourceQuality "1"]

1. e4 e6 2. d4 d5 3. Nc3 Nf6 4. e5 Nfd7 5. f4 c5 6. Nf3 Nc6 7. Be3 cxd4 8. Nxd4 Qb6 9. Qd2 Bb4 10. Nxe6 d4 11. Nxd4 Nc5 12. Nxc6 Qxc6 13. Bb5 Qxb5 14. Nxb5 Bxd2+ 15. Bxd2 0-0 16. Bb4 b6 17. 0-0-0 Bg4 18. Bxc5 bxc5 19. Rd5 Rac8 20. Re1 Be6 21. Rd6 Bxa2 22. b3 c4 23. Kb2 cxb3 24. cxb3 Bxb3 25. Kxb3 Rc5 26. Nc3 Rb8+ 27. Kc2 Rbc8 28. Re3 g6 29. Ra6 R8c7 30. g3 Kg7 31. Rd3 Rb7 32. h4 h5 33. Kd2 Rb2+ 34. Ke3 Rg2 35. Ne4 Rc7 36. Rda3 Rc1 37. Rxa7 Re1+ 38. Kd4 Rb2 39. Ng5 Kh6 40. Nxf7+ Kg7 41. Ng5+ Kf8 42. Rf7+ Ke8 1-0

[Event "Karl Mala Memorial op 11th"]
[Site "Frankfurt"]
[Date "2008.06.28"]
[Round "4"]
[White "Huettemann, Ralf"]
[Black "Koch, Markus"]
[Result "1/2-1/2"]
[WhiteElo "2076"]
[BlackElo "1952"]
[PlyCount "46"]
[EventDate "2008.06.26"]
[EventType "swiss"]
[EventRounds "7"]
[EventCountry "GER"]
[SourceTitle "CBM 125 Extra"]
[Source "ChessBase"]
[SourceDate "2008.09.01"]
[SourceVersion "1"]
[SourceVersionDate "2008.09.01"]
[SourceQuality "1"]

1. e4 g6 2. f4 Bg7 3. Nc3 d6 4. Nf3 Nc6 5. Bc4 e6 6. 0-0 Nge7 7. a3 0-0 8. d3 d5 9. Ba2 dxe4 10. dxe4 Qxd1 11. Rxd1 a6 12. Be3 b6 13. Rd3 Bb7 14. Bf2 Rad8 15. Rad1 h6 16. Bh4 Rxd3 17. Rxd3 Bc8 18. b4 Rd8 19. Rxd8+ Nxd8 20. e5 g5 21. fxg5 Ng6 22. Bg3 hxg5 23. Nxg5 Nxe5 1/2-1/2

[Event "Hessen-ch Gr-B 62nd"]
[Site "Hanau"]
[Date "2008.03.19"]
[Round "1"]
[White "Rutkowski, Ingo"]
[Black "Huettemann, Ralf"]
[Result "0-1"]
[WhiteElo "2177"]
[BlackElo "2076"]
[PlyCount "65"]
[EventDate "2008.03.19"]
[EventType "swiss"]
[EventRounds "7"]
[EventCountry "GER"]
[SourceTitle "CBM 123 Extra"]
[Source "ChessBase"]
[SourceDate "2008.05.06"]
[SourceVersion "1"]
[SourceVersionDate "2008.05.06"]
[SourceQuality "1"]

1. e4 e6 2. Nf3 d5 3. Nc3 Nf6 4. e5 Nfd7 5. d4 c5 6. dxc5 Bxc5 7. Bd3 h6 8. 0-0 Nc6 9. Re1 a6 10. a3 b5 11. Qe2 Bb7 12. Bf4 g5 13. Bg3 Be7 14. b4 h5 15. Nxd5 h4 16. Nf6+ Bxf6 17. exf6 hxg3 18. Nxg5 gxh2+ 19. Kh1 Qxf6 20. Ne4 Qe7 21. c4 Nd4 22. Qb2 e5 23. Qxd4 exd4 24. Nd6+ Kf8 25. Rxe7 Bxg2+ 26. Kxg2 Kxe7 27. Nf5+ Kf6 28. cxb5 axb5 29. Ng3 Rab8 30. f4 Nb6 31. Bxb5 Nd5 32. Bc6 Nxf4+ 33. Kf3 0-1